1001 letters for all occasions: (Record no. 362547)
[ view plain ]
| 000 -LEADER | |
|---|---|
| fixed length control field | 00536nam a2200157Ia 4500 |
| 008 - FIXED-LENGTH DATA ELEMENTS--GENERAL INFORMATION | |
| fixed length control field | 191108s9999 xx 000 0 und d |
| 020 ## - INTERNATIONAL STANDARD BOOK NUMBER | |
| International Standard Book Number | 978-1-58062-890-7 |
| 100 ## - MAIN ENTRY--PERSONAL NAME | |
| Personal name | Sandler, Corey |
| 245 ## - TITLE STATEMENT | |
| Statement of responsibility, etc | Corey Sandler & Janice Keefe.-- |
| Title | 1001 letters for all occasions: |
| Remainder of title | The best models for every business and personal needs / |
| 250 ## - EDITION STATEMENT | |
| Edition statement | ` |
| 260 ## - PUBLICATION, DISTRIBUTION, ETC. (IMPRINT) | |
| Place of publication, distribution, etc | Avon, Mass. : |
| Name of publisher, distributor, etc | Adams Media |
| Date of publication, distribution, etc | 2004. |
| 300 ## - PHYSICAL DESCRIPTION | |
| Extent | xi, 532 pages : |
| Dimensions | 23 cm. |
| 500 ## - GENERAL NOTE | |
| General note | Includes index. |
| 650 ## - SUBJECT ADDED ENTRY--TOPICAL TERM | |
| Topical term or geographic name as entry element | Letter writing. |
| 650 ## - SUBJECT ADDED ENTRY--TOPICAL TERM | |
| Topical term or geographic name as entry element | English language -- Rhetoric. |
| Withdrawn status | Lost status | Source of classification or shelving scheme | Damaged status | Home library | Current library | Shelving location | Date acquired | Source of acquisition | Total Checkouts | Full call number | Barcode | Date last seen | Price effective from | Koha item type |
|---|---|---|---|---|---|---|---|---|---|---|---|---|---|---|
| Library of Congress Classification | Southville International School Affiliated with Foreign Universities Library | Southville International School Affiliated with Foreign Universities Library | Southville Foreign University Section | 11/08/2019 | Donation | PE 1483 .S215 2004 | SFU0379 | 11/08/2019 | 11/08/2019 | Books |